| 000 | 00000nam 2200000zi 4500 |
| 001 | 9.936428 |
| 003 | CaOODSP |
| 005 | 20240405160222 |
| 006 | m o d f |
| 007 | cr mn||||||||| |
| 008 | 240405e198609 onc or f000 0 fre d |
| 040 | |aCaOODSP|bfre|erda|cCaOODSP |
| 043 | |an-cn--- |
| 086 | 1 |aC23-203/1986F-PDF |
| 245 | 00|aRépertoire des fabricants canadiens d'équipement de pêche commerciale. |
| 264 | 1|a[Ottawa] : |bDirection générale des transports routier, maritime et ferroviaire, Ministère de l'Expansion industrielle régionale, |cseptembre 1986. |
| 300 | |a1 ressource en ligne (13, 45 pages) |
| 336 | |atexte|btxt|2rdacontent/fre |
| 337 | |ainformatique|bc|2rdamedia/fre |
| 338 | |aressource en ligne|bcr|2rdacarrier/fre |
| 500 | |aPublié aussi en anglais sous le titre : Canadian commercial fishing equipment manufacturers directory. |
| 500 | |aÉdition numérisée de l'imprimé [par Innovation, sciences et développement économique Canada]. |
| 650 | 6|aPêches|zCanada|xAppareils et matériel|vRépertoires. |
| 655 | 7|aRépertoires|2rvmgf |
| 710 | 1 |aCanada. |bMinistère de l'expansion industrielle régionale, |eorganisme de publication. |
| 775 | 08|tCanadian commercial fishing equipment manufacturers directory.|w(CaOODSP)9.896910 |
| 856 | 40|qPDF|s1.21 Mo|uhttps://publications.gc.ca/collections/collection_2024/isde-ised/c23/C23-203-1986-fra.pdf |